Sports Quiz

Random Sports Quiz

U.S. Amateur Quiz Stats

Quiz not verified by Sporcle

Also try: NFL Career Sacks
Challenge
Share
Tweet
Embed
Score 0/20 Timer 05:00
0 Plays Today
Year Player % Correct
1996Tiger Woods
100%
1995Tiger Woods
100%
1994Tiger Woods
100%
1990Phil Mickelson
56%
1997Matt Kuchar
44%
2007Colt Knost
36%
2004Ryan Moore
36%
2002Ricky Barnes
36%
1998Hank Kuehne
36%
2005Edoardo Molinari
32%
Year Player % Correct
2008Danny Lee
28%
1992Justin Leonard
24%
2006Richie Ramsay
20%
2000Jeff Quinney
20%
1999David Gossett
16%
2003Nick Flanagan
12%
2001Bubba Dickerson
12%
1993John Harris
8%
1991Mitch Voges
8%
2009An Byeong-hun
4%

You're not logged in!

Compare scores with friends on all Sporcle quizzes.
Join for Free
OR
Log In

You Might Also Like...

Show Comments

Extras

Top Quizzes Today


Score Distribution

Your Account Isn't Verified!

In order to create a playlist on Sporcle, you need to verify the email address you used during registration. Go to your Sporcle Settings to finish the process.

Report this User

Report this user for behavior that violates our Community Guidelines.

Details: